[Event "13. Festival Ciudad de Lorca 2024 - A"]
[White "Sabuk, Piotr"]
[Black "Valdepenas Octavio, Javier"]
[Site "Lorca ESP"]
[Round "5.6"]
[Result "1/2-1/2"]
[Date "2024.12.28"]
[WhiteElo "2385"]
[BlackElo "2145"]
[PlyCount "54"]
[GameId "2129355756810748"]
[EventDate "2024.12.26"]
[EventCountry "ESP"]
[SourceTitle "Ajedrez en Madrid"]
[Source "lmi"]
[SourceDate "2024.12.26"]
[SourceVersion "1"]
[SourceVersionDate "2025.01.11"]
[SourceQuality "1"]

1. d4 d5 2. c4 e6 3. Nf3 Nf6 4. g3 dxc4 5. Bg2 a6 6. O-O Nc6 7. Qd2 Rb8 8. Ne5 Bd7 9. Nxc4 Bb4 10. Nc3 O-O 11. Rd1 Qe7 12. Qc2 Bd6 13. Bf4 Bxf4 14. gxf4 Nb4 15. Qd2 Rfd8 16. a3 Nbd5 17. Rac1 Bc6 18. Nb1 Nh5 19. e3 Qh4 20. Ne5 Ndxf4 21. exf4 Bxg2 22. Kxg2 f6 23. Nd3 Qg4+ 24. Kh1 Qf3+ 25. Kg1 Qg4+ 26. Kh1 Qf3+ 27. Kg1 Qg4+ 1/2-1/2

[Event "13. Festival Ciudad de Lorca 2024 - A"]
[White "Valdats, Reinis"]
[Black "Chavez Suarez, Carlos Alberto"]
[Site "Lorca ESP"]
[Round "5.7"]
[Result "0-1"]
[Date "2024.12.28"]
[WhiteElo "2176"]
[BlackElo "2278"]
[PlyCount "94"]
[GameId "2129355940520461"]
[EventDate "2024.12.26"]
[EventCountry "ESP"]
[SourceTitle "Ajedrez en Madrid"]
[Source "lmi"]
[SourceDate "2024.12.26"]
[SourceVersion "1"]
[SourceVersionDate "2025.01.11"]
[SourceQuality "1"]

1. e4 g6 2. d4 Bg7 3. Nc3 d5 4. exd5 Nf6 5. Bb5+ Nbd7 6. Nf3 O-O 7. O-O Nb6 8. Be2 Nfxd5 9. Nxd5 Qxd5 10. b3 c5 11. c4 Qd8 12. Be3 cxd4 13. Nxd4 Bd7 14. a4 Nc8 15. Rc1 a6 16. Bf3 Qc7 17. c5 Na7 18. Ne2 Rad8 19. Nc3 Bxc3 20. Rxc3 Bb5 21. Qc1 Bxf1 22. Qxf1 Nc6 23. h4 a5 24. h5 Nd4 25. Bg4 Qe5 26. Rc4 f5 27. Bd1 f4 28. Bxd4 Rxd4 29. hxg6 hxg6 30. Bf3 Rfd8 31. Rc1 Rb4 32. c6 bxc6 33. Rxc6 Kg7 34. Qb1 Rd6 35. Rc1 Rdb6 36. Re1 Rxb3 37. Qd1 Qf6 38. Qd5 Rb1 39. Qxa5 R6b4 40. Bd1 Qd6 41. Kh2 f3+ 42. g3 Qd4 43. Rxe7+ Kh6 44. Bxf3 Qxf2+ 45. Bg2 Rh4+ 46. gxh4 Qf4+ 47. Kh3 Rb3+ 0-1

[Event "13. Festival Ciudad de Lorca 2024 - A"]
[White "Tonndorf, Matthias"]
[Black "Piedra Salabarria, Ernesto"]
[Site "Lorca ESP"]
[Round "5.8"]
[Result "0-1"]
[Date "2024.12.28"]
[WhiteElo "2138"]
[BlackElo "2272"]
[PlyCount "75"]
[GameId "2129356100600350"]
[EventDate "2024.12.26"]
[EventCountry "ESP"]
[SourceTitle "Ajedrez en Madrid"]
[Source "lmi"]
[SourceDate "2024.12.26"]
[SourceVersion "1"]
[SourceVersionDate "2025.01.11"]
[SourceQuality "1"]

1. e4 c5 2. Nc3 Nc6 3. Bb5 g6 4. Bxc6 dxc6 5. f4 Bg7 6. Nf3 Nh6 7. O-O O-O 8. Kh1 f5 9. e5 Qc7 10. d3 Nf7 11. Be3 b6 12. Ne2 Nd8 13. c4 Ne6 14. Qc2 Rd8 15. Rad1 Bb7 16. h4 Rd7 17. Ng5 Nxg5 18. hxg5 e6 19. Rf3 h6 20. gxh6 Bxh6 21. Rh3 Rh7 22. Kh2 g5 23. fxg5 Bg7 24. Rxh7 Bxe5+ 25. g3 Kxh7 26. Rh1 Rh8 27. Kg2+ Kg8 28. Rxh8+ Bxh8 29. Bf4 e5 30. Bd2 Bc8 31. Ng1 Qh7 32. Nf3 f4 33. gxf4 Qh3+ 34. Kf2 Bg4 35. Qd1 exf4 36. Bxf4 Bd4+ 37. Be3 Be5 38. Ke1 0-1

[Event "13. Festival Ciudad de Lorca 2024 - A"]
[White "Fondrat, Johan"]
[Black "Vinuesa Sorli, Ruben"]
[Site "Lorca ESP"]
[Round "5.9"]
[Result "1-0"]
[Date "2024.12.28"]
[WhiteElo "2054"]
[BlackElo "2291"]
[PlyCount "107"]
[GameId "2129356284949039"]
[EventDate "2024.12.26"]
[EventCountry "ESP"]
[SourceTitle "Ajedrez en Madrid"]
[Source "lmi"]
[SourceDate "2024.12.26"]
[SourceVersion "1"]
[SourceVersionDate "2025.01.11"]
[SourceQuality "1"]

1. d4 Nf6 2. c4 g6 3. Nc3 Bg7 4. e4 d6 5. Be2 O-O 6. Be3 c5 7. d5 Qa5 8. Qd2 e6 9. Nf3 exd5 10. exd5 Bg4 11. O-O Re8 12. Bf4 Qb6 13. a4 Ne4 14. Nxe4 Rxe4 15. Bd3 Re8 16. a5 Qc7 17. Ng5 Nd7 18. h3 Bh5 19. g4 Nf6 20. gxh5 Nxh5 21. Bh2 Qd7 22. Be2 h6 23. Bg4 Qe7 24. Bxh5 hxg5 25. Bf3 Qf6 26. Bg2 Re7 27. Rae1 Rae8 28. Rxe7 Qxe7 29. b4 Bd4 30. bxc5 Bxc5 31. Rb1 b6 32. axb6 Bxb6 33. Kh1 Qf6 34. Rf1 Bc5 35. Qd1 Qb2 36. Qc1 Qe2 37. Qxg5 a5 38. Qf6 Qe7 39. Qxe7 Rxe7 40. Bg1 Re2 41. Ra1 Bb4 42. Bf1 Rc2 43. Kg2 Bc3 44. Ra4 Kg7 45. Bh2 Bd4 46. Bg3 f5 47. Bd3 Rd2 48. Bb1 Rb2 49. Ba2 g5 50. Bxd6 Rxf2+ 51. Kg3 Rb2 52. c5 f4+ 53. Kf3 Bg1 54. Be5+ 1-0

[Event "13. Festival Ciudad de Lorca 2024 - A"]
[White "Pogorelov, Ruslan"]
[Black "Shah, Jeet"]
[Site "Lorca ESP"]
[Round "5.10"]
[Result "1/2-1/2"]
[Date "2024.12.28"]
[WhiteElo "2282"]
[BlackElo "2052"]
[PlyCount "56"]
[GameId "2129356885418577"]
[EventDate "2024.12.26"]
[EventCountry "ESP"]
[SourceTitle "Ajedrez en Madrid"]
[Source "lmi"]
[SourceDate "2024.12.26"]
[SourceVersion "1"]
[SourceVersionDate "2025.01.11"]
[SourceQuality "1"]

1. Nf3 Nf6 2. c4 e6 3. Nc3 d5 4. d4 Nbd7 5. cxd5 exd5 6. Qc2 Bb4 7. a3 Bxc3+ 8. Qxc3 Ne4 9. Qc2 O-O 10. e3 c5 11. dxc5 Qf6 12. Nd4 Re8 13. Bb5 a6 14. Bxd7 Bxd7 15. O-O Rac8 16. b4 b6 17. Bb2 bxc5 18. bxc5 Rxc5 19. Qe2 Qb6 20. Rac1 Rec8 21. Rxc5 Rxc5 22. Rc1 Rxc1+ 23. Bxc1 Nd6 24. Qb2 Qxb2 25. Bxb2 Nc4 26. Bc1 Kf8 27. Kf1 Ke7 28. Ke2 Kd6 1/2-1/2

[Event "13. Festival Ciudad de Lorca 2024 - A"]
[White "Picazo Gonzalez, Alejandro"]
[Black "Vehi Bach, Victor Manuel"]
[Site "Lorca ESP"]
[Round "5.11"]
[Result "1/2-1/2"]
[Date "2024.12.28"]
[WhiteElo "1956"]
[BlackElo "2184"]
[PlyCount "64"]
[GameId "2132923619656197"]
[EventDate "2024.12.26"]
[EventCountry "ESP"]
[SourceTitle "Ajedrez en Madrid"]
[Source "lmi"]
[SourceDate "2024.12.26"]
[SourceVersion "1"]
[SourceVersionDate "2025.01.11"]
[SourceQuality "1"]

1. e4 c5 2. c3 Nf6 3. e5 Nd5 4. d4 cxd4 5. cxd4 e6 6. Nc3 Nxc3 7. bxc3 Qc7 8. Bd2 d6 9. f4 g5 10. Bb5+ Bd7 11. Bxd7+ Nxd7 12. Qf3 gxf4 13. Rb1 Rb8 14. exd6 Bxd6 15. Nh3 Nf8 16. Bxf4 Bxf4 17. Nxf4 Ng6 18. Nh5 f5 19. O-O O-O 20. Rfe1 Qd7 21. Nf4 Nxf4 22. Qxf4 Rbc8 23. Re3 Rf7 24. Rbe1 Rf6 25. Rg3+ Rg6 26. Ree3 Kf7 27. Rxg6 hxg6 28. Rh3 Rg8 29. Qe5 Rg7 30. c4 Qa4 31. Qc7+ Kf6 32. Qe5+ Kf7 1/2-1/2

[Event "13. Festival Ciudad de Lorca 2024 - A"]
[White "Borre Meza, Orlando David"]
[Black "Paikens, Reinis"]
[Site "Lorca ESP"]
[Round "5.12"]
[Result "0-1"]
[Date "2024.12.28"]
[WhiteElo "1875"]
[BlackElo "2166"]
[PlyCount "100"]
[GameId "2132923619656198"]
[EventDate "2024.12.26"]
[EventCountry "ESP"]
[SourceTitle "Ajedrez en Madrid"]
[Source "lmi"]
[SourceDate "2024.12.26"]
[SourceVersion "1"]
[SourceVersionDate "2025.01.11"]
[SourceQuality "1"]

1. d4 Nf6 2. c4 e6 3. Nc3 d5 4. cxd5 exd5 5. Bg5 Be7 6. e3 h6 7. Bh4 O-O 8. Bd3 c6 9. Nf3 Ne4 10. Bxe7 Qxe7 11. Qc2 Re8 12. O-O Nd7 13. Rae1 Nf8 14. Nd2 Nxd2 15. Qxd2 Be6 16. f4 f5 17. Qc2 Qf6 18. Nb1 Nd7 19. Nd2 Rac8 20. Nf3 c5 21. Qb1 c4 22. Bc2 b5 23. Ne5 g6 24. Rf3 Nxe5 25. fxe5 Qe7 26. g4 Qg5 27. Kh1 Qxg4 28. Rg3 Qh5 29. Rxg6+ Qxg6 30. Rg1 Qxg1+ 31. Qxg1+ Kh7 32. Qf2 Rf8 33. Kg1 Rf7 34. Kf1 Rg8 35. Bb1 Rg6 36. Qf4 Rfg7 37. Qf2 Kg8 38. Bc2 Rg5 39. h4 Rg3 40. h5 f4 41. Bg6 Bg4 42. Qh2 Rh3 43. Qd2 Bxh5 44. Qa5 Bxg6 45. Qd8+ Kh7 46. exf4 Bd3+ 47. Ke1 Rh1+ 48. Kd2 b4 49. Qc8 Rg2+ 50. Ke3 Re1+ 0-1

[Event "13. Festival Ciudad de Lorca 2024 - A"]
[White "Carrascoso Morales, Abel"]
[Black "Adarsh, D."]
[Site "Lorca ESP"]
[Round "5.13"]
[Result "1-0"]
[Date "2024.12.28"]
[WhiteElo "2182"]
[BlackElo "1987"]
[PlyCount "105"]
[GameId "2132923619656199"]
[EventDate "2024.12.26"]
[EventCountry "ESP"]
[SourceTitle "Ajedrez en Madrid"]
[Source "lmi"]
[SourceDate "2024.12.26"]
[SourceVersion "1"]
[SourceVersionDate "2025.01.11"]
[SourceQuality "1"]

1. c4 Nf6 2. Nc3 g6 3. e4 d6 4. d4 Bg7 5. f4 O-O 6. Nf3 c5 7. d5 e6 8. Be2 exd5 9. exd5 Re8 10. O-O Nbd7 11. Kh1 Nf8 12. Qc2 Bf5 13. Bd3 Bxd3 14. Qxd3 Qd7 15. Bd2 Rad8 16. Rab1 b6 17. a3 Qc8 18. Ne1 Qf5 19. Qxf5 gxf5 20. Nc2 Ng6 21. Ne3 Ne4 22. Nxe4 fxe4 23. Nf5 Bd4 24. Be3 Bxe3 25. Nxe3 f6 26. Rbe1 Kf7 27. g3 a6 28. a4 Ne7 29. f5 Rb8 30. Rf4 Ng8 31. b3 Re7 32. Ng4 h5 33. Nf2 Rbe8 34. Rexe4 Re5 35. h3 Nh6 36. g4 hxg4 37. hxg4 Kg7 38. Rxe5 Rxe5 39. Ne4 Nf7 40. Kg2 Re8 41. Kg3 Re7 42. g5 Re5 43. gxf6+ Kh8 44. Kh4 Kg8 45. Kh5 Kf8 46. Kg6 Re8 47. Rh4 Ne5+ 48. Kh6 Nf7+ 49. Kh5 Re5 50. Kg6 Re8 51. Rh7 Ne5+ 52. Kh5 Nf7 53. Rxf7+ 1-0

[Event "13. Festival Ciudad de Lorca 2024 - A"]
[White "Yu, Zechen"]
[Black "Fernandez Bustamante, Leancy B."]
[Site "Lorca ESP"]
[Round "5.14"]
[Result "0-1"]
[Date "2024.12.28"]
[WhiteElo "2003"]
[BlackElo "2129"]
[PlyCount "81"]
[GameId "2132923619656200"]
[EventDate "2024.12.26"]
[EventCountry "ESP"]
[SourceTitle "Ajedrez en Madrid"]
[Source "lmi"]
[SourceDate "2024.12.26"]
[SourceVersion "1"]
[SourceVersionDate "2025.01.11"]
[SourceQuality "1"]

1. e4 c5 2. Nf3 a6 3. Be2 d6 4. O-O Nc6 5. d4 cxd4 6. Nxd4 Nf6 7. Nc3 g6 8. Be3 Bg7 9. Kh1 h5 10. f3 h4 11. Nd5 Nxd5 12. exd5 Nb8 13. c4 Nd7 14. b4 Nf6 15. Qd2 Nh5 16. Rfe1 Bf6 17. Rad1 Kf8 18. f4 Kg7 19. Bf3 a5 20. a3 axb4 21. axb4 Qc7 22. c5 dxc5 23. bxc5 Qa5 24. Qe2 Kg8 25. d6 Qxc5 26. Nb5 Qf5 27. Nc7 Ra4 28. d7 Bxd7 29. Rd5 e5 30. fxe5 Bxe5 31. Bb6 f6 32. Qd1 Rh7 33. Qb3 Kh8 34. Red1 Qf4 35. Rxe5 Qxe5 36. Rxd7 Ra1+ 37. Rd1 Qe1+ 38. Rxe1 Rxe1+ 39. Bg1 Ng3+ 40. hxg3 hxg3+ 41. Bh5 0-1

[Event "13. Festival Ciudad de Lorca 2024 - A"]
[White "Bartakke, Aditya"]
[Black "Hanache, Kai"]
[Site "Lorca ESP"]
[Round "5.15"]
[Result "1-0"]
[Date "2024.12.28"]
[WhiteElo "1957"]
[BlackElo "2080"]
[PlyCount "59"]
[GameId "2132923619656201"]
[EventDate "2024.12.26"]
[EventCountry "ESP"]
[SourceTitle "Ajedrez en Madrid"]
[Source "lmi"]
[SourceDate "2024.12.26"]
[SourceVersion "1"]
[SourceVersionDate "2025.01.11"]
[SourceQuality "1"]

1. e4 c5 2. Nf3 d6 3. d4 cxd4 4. Nxd4 Nf6 5. Nc3 Nc6 6. f4 Bd7 7. Nf3 e6 8. Bd3 Qb6 9. Qe2 a6 10. Rb1 Be7 11. Be3 Qc7 12. O-O O-O 13. a4 Rac8 14. Qe1 Nb4 15. Qg3 Nxd3 16. cxd3 b5 17. axb5 axb5 18. Ra1 Ra8 19. Rac1 Qb7 20. Bd4 b4 21. Ne2 Bb5 22. Rcd1 Rfc8 23. e5 dxe5 24. fxe5 Nd5 25. Nd2 f5 26. exf6 Bf8 27. Ne4 Qd7 28. Rf3 Rc7 29. f7+ Kh8 30. Qxg7+ 1-0

[Event "13. Festival Ciudad de Lorca 2024 - A"]
[White "Cano Mateos, Pablo"]
[Black "Troidl, Thomas"]
[Site "Lorca ESP"]
[Round "5.16"]
[Result "0-1"]
[Date "2024.12.28"]
[WhiteElo "2067"]
[BlackElo "1945"]
[PlyCount "119"]
[GameId "2132923619660298"]
[EventDate "2024.12.26"]
[EventCountry "ESP"]
[SourceTitle "Ajedrez en Madrid"]
[Source "lmi"]
[SourceDate "2024.12.26"]
[SourceVersion "1"]
[SourceVersionDate "2025.01.11"]
[SourceQuality "1"]

1. e4 c5 2. Nc3 Nc6 3. Bb5 Nd4 4. Nf3 a6 5. Bd3 g6 6. Nxd4 cxd4 7. Ne2 d5 8. c3 dxc3 9. bxc3 dxe4 10. Bxe4 Nf6 11. Bf3 Bg7 12. d4 O-O 13. Rb1 e5 14. Bxb7 Bxb7 15. Rxb7 Qd5 16. Rb3 Qxg2 17. Rg1 Qxh2 18. d5 Ne4 19. Be3 f5 20. Qd3 Rac8 21. Rf1 Kh8 22. d6 Nc5 23. Bxc5 Rxc5 24. Qxa6 e4 25. c4 Qe5 26. Rb1 e3 27. Rd1 Ra5 28. Qb6 exf2+ 29. Rxf2 Bf6 30. d7 Bd8 31. Qb4 Rf7 32. Qc3 Re7 33. Kf1 Rxa2 34. Qxe5+ Rxe5 35. Nd4 Ra6 36. Nf3 Re7 37. c5 Kg7 38. Rb2 Ra3 39. Kf2 Ree3 40. Nd4 Bh4+ 41. Kf1 Re4 42. Ne2 Rg4 43. Ng1 Rag3 44. Rdd2 Rxg1+ 45. Ke2 Re4+ 46. Kd3 Rg3+ 47. Kc2 Rc4+ 48. Kb1 Rxc5 49. Rb7 Rg1+ 50. Ka2 Ra5+ 51. Kb2 Bf6+ 52. Kc2 Rc5+ 53. Kd3 Rc3+ 54. Ke2 Kh6 55. Kf2 Rh1 56. Kg2 Rh5 57. Rd6 Bh4 58. d8=Q Bxd8 59. Rxd8 Rg5+ 60. Kf2 0-1

[Event "13. Festival Ciudad de Lorca 2024 - A"]
[White "Bercaru, Vlad Ionut"]
[Black "Boricha, Yohan"]
[Site "Lorca ESP"]
[Round "5.17"]
[Result "0-1"]
[Date "2024.12.28"]
[WhiteElo "2065"]
[BlackElo "1888"]
[PlyCount "54"]
[GameId "2132923619660299"]
[EventDate "2024.12.26"]
[EventCountry "ESP"]
[SourceTitle "Ajedrez en Madrid"]
[Source "lmi"]
[SourceDate "2024.12.26"]
[SourceVersion "1"]
[SourceVersionDate "2025.01.11"]
[SourceQuality "1"]

1. d4 d5 2. c4 e6 3. Nc3 Nf6 4. cxd5 exd5 5. Bg5 Nbd7 6. e3 c6 7. Bd3 Be7 8. h3 O-O 9. Qc2 Re8 10. Nf3 Nf8 11. O-O h6 12. Bxf6 Bxf6 13. b4 Ne6 14. Rab1 b6 15. Rfd1 Bb7 16. b5 c5 17. dxc5 bxc5 18. Nh2 d4 19. Be4 Qc8 20. Nd5 Bd8 21. Bf3 Ng5 22. Bg4 Qb8 23. Qc4 Qe5 24. Nf4 dxe3 25. Nd3 exf2+ 26. Nxf2 Qg3 27. Qf1 Bc7 0-1

[Event "13. Festival Ciudad de Lorca 2024 - A"]
[White "Velasco Garcia, Jorge Juan"]
[Black "Collado Alcolado, Angel"]
[Site "Lorca ESP"]
[Round "5.18"]
[Result "0-1"]
[Date "2024.12.28"]
[WhiteElo "1938"]
[BlackElo "2061"]
[PlyCount "74"]
[GameId "2132923619660300"]
[EventDate "2024.12.26"]
[EventCountry "ESP"]
[SourceTitle "Ajedrez en Madrid"]
[Source "lmi"]
[SourceDate "2024.12.26"]
[SourceVersion "1"]
[SourceVersionDate "2025.01.11"]
[SourceQuality "1"]

1. Nf3 d5 2. c4 e6 3. cxd5 exd5 4. d4 Nf6 5. Nc3 Nbd7 6. g3 Bd6 7. Bg2 c6 8. Bg5 O-O 9. O-O h6 10. Bxf6 Nxf6 11. Qc2 Re8 12. Nh4 Bf8 13. Rad1 Be6 14. f4 Be7 15. f5 Bc8 16. h3 Nh5 17. f6 Bxf6 18. g4 Bxh4 19. gxh5 Qg5 20. Rf3 Re3 21. Qd2 Rxf3 22. Qxg5 hxg5 23. exf3 Bf5 24. Rd2 Re8 25. Re2 Rxe2 26. Nxe2 Kh7 27. f4 g4 28. Kh2 Kh6 29. Ng3 Bxg3+ 30. Kxg3 Kxh5 31. h4 Bd3 32. a3 f5 33. b4 b5 34. Bh1 Be4 35. Bxe4 dxe4 36. a4 a6 37. axb5 axb5 0-1

[Event "13. Festival Ciudad de Lorca 2024 - A"]
[White "Maklakova, Naomi"]
[Black "Atharva, Kale"]
[Site "Lorca ESP"]
[Round "5.19"]
[Result "0-1"]
[Date "2024.12.28"]
[WhiteElo "2003"]
[BlackElo "1866"]
[PlyCount "58"]
[GameId "2132923619660301"]
[EventDate "2024.12.26"]
[EventCountry "ESP"]
[SourceTitle "Ajedrez en Madrid"]
[Source "lmi"]
[SourceDate "2024.12.26"]
[SourceVersion "1"]
[SourceVersionDate "2025.01.11"]
[SourceQuality "1"]

1. d4 d5 2. Nf3 Nf6 3. b3 e6 4. Bb2 c5 5. e3 Nc6 6. Nbd2 Bd6 7. Ne5 O-O 8. Bd3 Qc7 9. f4 cxd4 10. exd4 Nb4 11. O-O Nxd3 12. cxd3 Qe7 13. a3 Bd7 14. Rf2 Rac8 15. Nf1 Rc7 16. Ne3 Rfc8 17. g4 Be8 18. g5 Nd7 19. N3g4 Nf8 20. h4 Kh8 21. Rg2 Nd7 22. Kh1 f6 23. Nxd7 Bxd7 24. gxf6 gxf6 25. Qf3 Rc2 26. Ne3 Rxg2 27. Kxg2 Qg7+ 28. Kf2 Qh6 29. Ng2 Rc2+ 0-1

[Event "13. Festival Ciudad de Lorca 2024 - A"]
[White "Mitul, K H"]
[Black "Navarro Cabrera, Carlos"]
[Site "Lorca ESP"]
[Round "5.20"]
[Result "1-0"]
[Date "2024.12.28"]
[WhiteElo "1834"]
[BlackElo "2003"]
[PlyCount "75"]
[GameId "2132923619660302"]
[EventDate "2024.12.26"]
[EventCountry "ESP"]
[SourceTitle "Ajedrez en Madrid"]
[Source "lmi"]
[SourceDate "2024.12.26"]
[SourceVersion "1"]
[SourceVersionDate "2025.01.11"]
[SourceQuality "1"]

1. e4 c5 2. Nf3 e6 3. d4 cxd4 4. Nxd4 Nc6 5. Nc3 Qc7 6. Be3 a6 7. Qf3 b5 8. Qg3 Qxg3 9. hxg3 Bb7 10. Nxc6 Bxc6 11. f3 Bd6 12. Kf2 Be5 13. Nd1 Nf6 14. g4 d5 15. g5 Nd7 16. f4 Bc7 17. e5 a5 18. Bd3 b4 19. c3 Bb6 20. Bxb6 Nxb6 21. a3 b3 22. Ne3 Na4 23. Rab1 Nc5 24. Rbd1 Ke7 25. Bb1 Rad8 26. Rh3 Bb5 27. f5 Rdg8 28. f6+ gxf6 29. gxf6+ Ke8 30. Nxd5 exd5 31. Rxd5 Rxg2+ 32. Kxg2 Bc6 33. c4 Ne6 34. Rxb3 Rg8+ 35. Kf2 Bxd5 36. cxd5 Nd8 37. Rg3 Nb7 38. b4 1-0

[Event "13. Festival Ciudad de Lorca 2024 - A"]
[White "Bryant, Harry"]
[Black "Medhvansh, Madeti"]
[Site "Lorca ESP"]
[Round "5.21"]
[Result "0-1"]
[Date "2024.12.28"]
[WhiteElo "1971"]
[BlackElo "1879"]
[PlyCount "135"]
[GameId "2132923619660303"]
[EventDate "2024.12.26"]
[EventCountry "ESP"]
[SourceTitle "Ajedrez en Madrid"]
[Source "lmi"]
[SourceDate "2024.12.26"]
[SourceVersion "1"]
[SourceVersionDate "2025.01.11"]
[SourceQuality "1"]

1. e4 e5 2. Nf3 Nc6 3. d4 exd4 4. Nxd4 Nf6 5. Nxc6 bxc6 6. e5 Qe7 7. Qe2 Nd5 8. c4 Nb6 9. Nc3 Bb7 10. b3 Qe6 11. Bb2 O-O-O 12. O-O-O Re8 13. f4 d6 14. exd6 Bxd6 15. g3 Qe3+ 16. Qxe3 Rxe3 17. Bh3+ Kb8 18. Rde1 Bxf4 19. gxf4 Rxh3 20. Ne4 f6 21. Nc5 Rh5 22. Nxb7 Kxb7 23. Rhg1 g6 24. Bxf6 Rf8 25. Be5 Rxh2 26. f5 Rxa2 27. fxg6 hxg6 28. Rxg6 Rf3 29. Rg3 Rxg3 30. Bxg3 Rg2 31. Bf4 Rf2 32. Be3 Rg2 33. Bf4 Rg4 34. Bh2 Rh4 35. Re2 a5 36. Kc2 a4 37. bxa4 Nxc4 38. Bg3 Rh3 39. Bf4 Rf3 40. Re4 Nb6 41. Bd2 Nd5 42. a5 Ka6 43. Re8 Kb5 44. Kb2 Rf2 45. Kc1 Kc4 46. a6 Rf1+ 47. Kb2 Nb6 48. a7 Rf5 49. Rb8 Rb5+ 50. Kc2 Na8 51. Rxa8 Rb7 52. Be1 c5 53. Bd2 c6 54. Ba5 Rh7 55. Bb6 Rh2+ 56. Kd1 Rh1+ 57. Ke2 Rh2+ 58. Kf3 Rh3+ 59. Kg2 Ra3 60. Rd8 Kb5 61. a8=Q Rxa8 62. Rxa8 Kxb6 63. Kf3 Kb5 64. Rb8+ Kc4 65. Ke3 Kc3 66. Rb6 c4 67. Rxc6 Kb3 68. Kd4 0-1

[Event "13. Festival Ciudad de Lorca 2024 - A"]
[White "Kong, Lingzhijie"]
[Black "Escudero Ribo, Eloi"]
[Site "Lorca ESP"]
[Round "5.22"]
[Result "0-1"]
[Date "2024.12.28"]
[WhiteElo "1816"]
[BlackElo "1903"]
[PlyCount "80"]
[GameId "2132923619660304"]
[EventDate "2024.12.26"]
[EventCountry "ESP"]
[SourceTitle "Ajedrez en Madrid"]
[Source "lmi"]
[SourceDate "2024.12.26"]
[SourceVersion "1"]
[SourceVersionDate "2025.01.11"]
[SourceQuality "1"]

1. d4 Nf6 2. Nc3 d5 3. Bf4 g6 4. e3 Bg7 5. h4 h5 6. Be2 O-O 7. Nf3 c5 8. Nb5 Na6 9. c3 cxd4 10. exd4 Re8 11. a4 Ne4 12. Ng5 e5 13. dxe5 Bxe5 14. Nxe4 Bxf4 15. Qxd5 Qe7 16. f3 Bf5 17. Nbd6 Bxe4 18. Nxe4 Rad8 19. Qc4 Rc8 20. Qd4 Be5 21. Qf2 f5 22. f4 Bc7 23. Ng3 Bb6 24. Qf3 Nc5 25. a5 Bc7 26. O-O Kh7 27. b4 Ne6 28. Bb5 Red8 29. Rae1 Qf6 30. Qe3 Qxh4 31. Qxe6 Qxg3 32. Qf7+ Kh6 33. Re7 Bxf4 34. Qg7+ Kg5 35. Rf3 Rd1+ 36. Bf1 Qh2+ 37. Kf2 Qh4+ 38. g3 Qh2+ 39. Bg2 Qg1+ 40. Ke2 Qe1# 0-1

[Event "13. Festival Ciudad de Lorca 2024 - A"]
[White "Alonso Garuti, Luis Eugenio"]
[Black "Lazars, Krisjanis"]
[Site "Lorca ESP"]
[Round "5.23"]
[Result "0-1"]
[Date "2024.12.28"]
[WhiteElo "1863"]
[BlackElo "1858"]
[PlyCount "58"]
[GameId "2132923619664401"]
[EventDate "2024.12.26"]
[EventCountry "ESP"]
[SourceTitle "Ajedrez en Madrid"]
[Source "lmi"]
[SourceDate "2024.12.26"]
[SourceVersion "1"]
[SourceVersionDate "2025.01.11"]
[SourceQuality "1"]

1. e4 c5 2. Nf3 e6 3. d4 cxd4 4. Nxd4 Nc6 5. Be3 Qc7 6. Nc3 a6 7. Be2 Nf6 8. O-O Be7 9. Qd2 b5 10. a3 Bb7 11. f3 O-O 12. Rac1 b4 13. Nb1 d5 14. Nxc6 Bxc6 15. axb4 dxe4 16. f4 Rfd8 17. Qe1 Nd5 18. Bc5 Bxc5+ 19. bxc5 Nxf4 20. Nc3 Qe5 21. Qf2 Nxe2+ 22. Nxe2 f5 23. c3 Rd2 24. Qe3 Rd3 25. Qf2 e3 26. Qf4 Qxf4 27. Nxf4 Rd2 28. Rfe1 e5 29. Ne2 Rxb2 0-1

[Event "13. Festival Ciudad de Lorca 2024 - A"]
[White "Beneyto De Ramon, Guillermo"]
[Black "Mendez Gimenez, Nestor Emmanuel"]
[Site "Lorca ESP"]
[Round "5.24"]
[Result "1/2-1/2"]
[Date "2024.12.28"]
[WhiteElo "2034"]
[BlackElo "1893"]
[PlyCount "60"]
[GameId "2132923619664402"]
[EventDate "2024.12.26"]
[EventCountry "ESP"]
[SourceTitle "Ajedrez en Madrid"]
[Source "lmi"]
[SourceDate "2024.12.26"]
[SourceVersion "1"]
[SourceVersionDate "2025.01.11"]
[SourceQuality "1"]

1. d4 Nf6 2. c4 g6 3. Nc3 Bg7 4. e4 d6 5. h3 e5 6. d5 Na6 7. Be3 Nc5 8. Bd3 a5 9. Nge2 O-O 10. g4 Nfd7 11. Ng3 Bf6 12. Be2 Bg5 13. Qd2 Bxe3 14. Qxe3 Qf6 15. O-O-O Qf4 16. Nb5 Na6 17. Bd3 Qxe3+ 18. fxe3 Ndc5 19. Be2 Bd7 20. Nc3 Rab8 21. h4 Na4 22. Nxa4 Bxa4 23. Rdg1 Bd7 24. h5 c6 25. hxg6 fxg6 26. Rh2 Rbc8 27. Kb1 Nc5 28. Rd1 Rcd8 29. Rdh1 Rf7 30. Rd1 Na6 1/2-1/2

[Event "13. Festival Ciudad de Lorca 2024 - A"]
[White "Mengual Brotons, Jesus"]
[Black "Lasheras Martinez, Juan Thomas"]
[Site "Lorca ESP"]
[Round "5.25"]
[Result "0-1"]
[Date "2024.12.28"]
[WhiteElo "1723"]
[BlackElo "2128"]
[PlyCount "54"]
[GameId "2132923619664403"]
[EventDate "2024.12.26"]
[EventCountry "ESP"]
[SourceTitle "Ajedrez en Madrid"]
[Source "lmi"]
[SourceDate "2024.12.26"]
[SourceVersion "1"]
[SourceVersionDate "2025.01.11"]
[SourceQuality "1"]

1. d4 Nf6 2. Bf4 d5 3. e3 e6 4. Nf3 Bd6 5. Bg3 O-O 6. Nbd2 b6 7. Bd3 Bb7 8. Qe2 Ne4 9. Ne5 f6 10. Nef3 Qe7 11. O-O-O Nd7 12. Rdg1 c5 13. c3 c4 14. Bc2 b5 15. Bxd6 Qxd6 16. g4 b4 17. Bxe4 dxe4 18. Nxc4 Qd5 19. Nfd2 bxc3 20. bxc3 Ba6 21. g5 f5 22. Rg3 Rfc8 23. Rh3 Bxc4 24. Qh5 Nf8 25. f3 Bd3 26. fxe4 Qxa2 27. Kd1 Qa1+ 0-1

[Event "13. Festival Ciudad de Lorca 2024 - A"]
[White "Ramos Saavedra, Mario"]
[Black "Patil, Rushad"]
[Site "Lorca ESP"]
[Round "5.26"]
[Result "1-0"]
[Date "2024.12.28"]
[WhiteElo "1983"]
[BlackElo "1782"]
[PlyCount "73"]
[GameId "2132923619664404"]
[EventDate "2024.12.26"]
[EventCountry "ESP"]
[SourceTitle "Ajedrez en Madrid"]
[Source "lmi"]
[SourceDate "2024.12.26"]
[SourceVersion "1"]
[SourceVersionDate "2025.01.11"]
[SourceQuality "1"]

1. e4 c6 2. d4 d5 3. e5 Bf5 4. Nf3 e6 5. Be2 Nd7 6. O-O Ne7 7. Nbd2 c5 8. c4 cxd4 9. Nxd4 Nxe5 10. cxd5 Qxd5 11. Qa4+ N7c6 12. Nxf5 exf5 13. Nc4 Be7 14. Bf4 O-O 15. Rfe1 Bf6 16. Nxe5 Nxe5 17. Bxe5 Qxe5 18. Bf3 Qxb2 19. Rab1 Qd2 20. Red1 Qc3 21. Bxb7 Rad8 22. Qxa7 Bd4 23. Qa4 Qc5 24. Rf1 Rd6 25. Rb5 Qc7 26. Bd5 Bb6 27. Qb3 Rg6 28. g3 f4 29. Rb1 Rb8 30. a4 fxg3 31. hxg3 Rf6 32. Rb2 Qc1+ 33. Kg2 Rh6 34. Rb1 Qd2 35. Qf3 Qd4 36. a5 Rf6 37. Rxb6 1-0